000 01311cam a2200337 4500
001 520369
003 YEEZEN
005 20260310145957.0
008 251201s2025 ch a e b 000 0 chi d
020 _a9786263906372
_q(平裝) :
_cNT$480
040 _bchi
_c竹市CSIN
_eCCR
041 1 _achi
_hger
042 _anbic
084 _a528.2
_2ncsclt
090 _a528.2
_b8434
100 1 _a聖安吉
_c(St. Ange, Caroline von)
245 1 0 _a教出自主學習的孩子 :
_b德國名師教你使用成長型學習思維, 找回孩子主動學習的動機與專注力 /
_c卡洛琳娜.馮.聖安吉(Caroline von St. Ange)著 ; 江鈺婷譯
246 1 0 _a德國名師教你使用成長型學習思維, 找回孩子主動學習的動機與專注力
246 1 1 _aAlles ist schwer, bevor es leicht ist :
_bWie Lernen gelingt.
246 1 1 _aWie Lernen gelingt.
250 _a初版
260 _a臺北市 :
_b商周出版 :
_b家庭傳媒城邦分公司發行,
_c2025.09.
300 _a[16], 303面 :
_b部份彩圖 ;
_c21公分
500 _a譯自: Alles ist schwer, bevor es leicht ist : Wie Lernen gelingt.
504 _a參考書目: 面302-303.
650 7 _a親職教育
_2lcstt.
650 7 _a子女教育
_2lcstt.
650 7 _a學習心理學
_2lcstt.
700 1 _a江鈺婷
942 _2ccl
_cBOOK
999 _c7697
_d7697